00361cam a22001217a 4500008004000000082001700040100001700057245007300074260002900147300001000176650002200186650003100208180718b1977 xxu||||| |||| 00| 0 eng d aT000x47 M474 aMehta, Vinod aSoviet economic policy: income differentials in USSRcby Vinod Mehta aNew DelhibRadiantc1977 a134p. aIncome - U.S.S.R. aU.S.S.R. - Economic policy